[Event "FRA-chT2 South 0708"]
[Site "France"]
[Date "2007.12.16"]
[Round "4.4"]
[White "Bertrand, Frederic"]
[Black "Tonnaire, Christophe"]
[Result "1-0"]
[WhiteElo "2279"]
[BlackElo "2027"]
[PlyCount "72"]
[EventDate "2007.10.21"]
[EventType "team"]
[EventRounds "11"]
[EventCountry "FRA"]
[SourceTitle "EXT 2009"]
[Source "ChessBase"]
[SourceDate "2008.11.26"]
[SourceVersion "1"]
[SourceVersionDate "2008.11.26"]
[SourceQuality "1"]
[WhiteTeam "Montpellier Diagonale"]
[BlackTeam "L'Isle sur la Sorgue"]
[WhiteTeamCountry "FRA"]
[BlackTeamCountry "FRA"]

1. d4 c5 2. d5 e6 3. c4 exd5 4. cxd5 d6 5. Nc3 g6 6. e4 Bg7 7. Be2 Nf6 8. Nf3 0-0 9. 0-0 a6 10. a4 Re8 11. Nd2 Nbd7 12. f3 Rb8 13. Nc4 Ne5 14. Nxe5 Rxe5 15. Bc4 b6 16. f4 Re8 17. e5 Ng4 18. h3 Nh6 19. Ne4 dxe5 20. Ng5 e4 21. d6 Bd4+ 22. Kh1 e3 23. Qb3 Qf6 24. Re1 Qxf4 25. Nxf7 Kg7 26. Rf1 Qh4 27. Nxh6 Kxh6 28. Rf3 Bb7 29. Bxe3+ Bxe3 30. Rxe3 Qf2 31. Rg3 Rbd8 32. Rf1 Re1 33. Rxe1 Qxe1+ 34. Kh2 Rxd6 35. Bg8 Qe5 36. Qf7 Qg7 1-0

[Event "Provence-ch 0607"]
[Site "Provence"]
[Date "2007.05.05"]
[Round "9"]
[White "Tonnaire, Christophe"]
[Black "Deleau, Denis"]
[Result "1-0"]
[WhiteElo "2036"]
[BlackElo "2109"]
[PlyCount "51"]
[EventDate "2007.01.27"]
[EventType "tourn"]
[EventRounds "9"]
[EventCountry "FRA"]
[SourceTitle "EXT 2008"]
[Source "ChessBase"]
[SourceDate "2007.11.25"]
[SourceVersion "1"]
[SourceVersionDate "2007.11.25"]
[SourceQuality "1"]

1. e4 e5 2. f4 exf4 3. Bc4 h6 4. d4 g5 5. Nc3 d6 6. h4 Bg7 7. hxg5 Qxg5 8. Nf3 Qg3+ 9. Kf1 Nc6 10. Nd5 Be6 11. Nxc7+ Kd7 12. Bxe6+ Kxc7 13. Bf5 Bf6 14. Rh3 Qg7 15. Bxf4 Nge7 16. Rg3 Bg5 17. Bh3 f6 18. e5 Nd5 19. exd6+ Kb6 20. Nxg5 fxg5 21. Rb3+ Ncb4 22. Be5 Rhf8+ 23. Kg1 Qf7 24. Qd2 a5 25. a3 Qh5 26. Bd7 1-0

[Event "Provence-ch 0607"]
[Site "Provence"]
[Date "2007.03.25"]
[Round "4"]
[White "Hulin, Jerome"]
[Black "Tonnaire, Christophe"]
[Result "1-0"]
[WhiteElo "2085"]
[BlackElo "2036"]
[PlyCount "122"]
[EventDate "2007.01.27"]
[EventType "tourn"]
[EventRounds "9"]
[EventCountry "FRA"]
[SourceTitle "EXT 2008"]
[Source "ChessBase"]
[SourceDate "2007.11.25"]
[SourceVersion "1"]
[SourceVersionDate "2007.11.25"]
[SourceQuality "1"]

1. d4 e6 2. c4 c5 3. d5 Nf6 4. Nc3 exd5 5. cxd5 d6 6. Nf3 g6 7. e4 Bg7 8. Be2 0-0 9. Nd2 Re8 10. 0-0 Nbd7 11. Qc2 a6 12. a4 Qe7 13. Ra3 Ne5 14. h3 g5 15. Nf3 Nxf3+ 16. Bxf3 g4 17. hxg4 Bxg4 18. Bxg4 Nxg4 19. Bf4 Be5 20. Ne2 Bxf4 21. Nxf4 Qxe4 22. Qd2 Ne5 23. Nh5 Kh8 24. Nf6 Qh4 25. Nxe8 Rxe8 26. Rg3 Rg8 27. Rxg8+ Kxg8 28. Re1 Qg4 29. Qd1 Qh4 30. Re3 Kf8 31. Rh3 Qe4 32. b3 b5 33. axb5 axb5 34. Qd2 Ng4 35. Qd1 Qf4 36. Qe1 Qd4 37. Rh4 Qf4 38. Rxh7 Kg8 39. Rh4 c4 40. bxc4 bxc4 41. Qe8+ Kg7 42. Qh8+ Kg6 43. Qh5+ Kf6 44. Rxg4 Qc1+ 45. Kh2 c3 46. Qh8+ Kf5 47. Qc8+ Kf6 48. Rg3 c2 49. Rf3+ Ke5 50. Qf5+ Kd4 51. Rd3+ Kc5 52. Qc8+ Kb4 53. Qc3+ Kb5 54. Qb3+ Ka5 55. Qc3+ Kb5 56. Qc6+ Kb4 57. Qxd6+ Kc4 58. Qa6+ Kb4 59. Rd4+ Kb3 60. Qc4+ Kb2 61. Qb5+ Kc3 1-0

[Event "Provence-ch 0506"]
[Site "Provence"]
[Date "2006.05.13"]
[Round "8"]
[White "Deleau, Denis"]
[Black "Tonnaire, Christophe"]
[Result "1-0"]
[WhiteElo "2124"]
[BlackElo "2031"]
[PlyCount "147"]
[EventDate "2005.11.05"]
[EventType "tourn"]
[EventRounds "9"]
[EventCountry "FRA"]
[SourceTitle "EXT 2007"]
[Source "ChessBase"]
[SourceDate "2006.11.23"]
[SourceVersion "1"]
[SourceVersionDate "2006.11.23"]
[SourceQuality "1"]

1. e4 d5 2. exd5 Qxd5 3. Nc3 Qa5 4. d4 Nf6 5. Bd2 Bg4 6. Nf3 Nbd7 7. h3 Bf5 8. b4 Qb6 9. Bc4 e6 10. Qe2 Be7 11. g4 Bg6 12. g5 Nh5 13. d5 0-0-0 14. Rb1 c6 15. Be3 Qc7 16. dxc6 bxc6 17. Ba6+ Kb8 18. Nd4 Nb6 19. b5 Rxd4 20. Bxd4 c5 21. Be5 Bd6 22. Bxd6 Qxd6 23. 0-0 Nf4 24. Qf3 Qc7 25. Rfe1 h6 26. gxh6 Rxh6 27. Rbd1 Rh8 28. h4 Bh5 29. Qg3 Bxd1 30. Rxd1 g6 31. a4 Nxa4 32. Rd7 Nxc3 33. Rxc7 Nce2+ 34. Kh2 Nxg3 35. Rb7+ Ka8 36. fxg3 Nd5 37. Rxf7 g5 38. Kg1 gxh4 39. gxh4 Kb8 40. Rb7+ Ka8 41. Rg7 Kb8 42. Rb7+ Ka8 43. c4 Nb6 44. Re7 Kb8 45. Rb7+ Ka8 46. Rg7 Kb8 47. Rg4 Kc7 48. Kg2 Kd6 49. Kg3 Ke5 50. Bb7 Rd8 51. Bf3 Kf5 52. Rg5+ Kf6 53. Rxc5 e5 54. Rc7 Rd3 55. Kf2 Ra3 56. Rc6+ Kf5 57. h5 e4 58. Be2 Rh3 59. Rc7 Rh2+ 60. Ke3 Rh3+ 61. Kd2 e3+ 62. Kd3 Na4 63. Rf7+ Ke5 64. Re7+ Kf4 65. Re4+ Kg5 66. Rxe3 Nc5+ 67. Kd2 Nb3+ 68. Rxb3 Rxb3 69. c5 Rb2+ 70. Ke3 Kf5 71. c6 Ke5 72. h6 Rb4 73. h7 Rh4 74. c7 1-0

[Event "Provence-ch 0506"]
[Site "Provence"]
[Date "2006.04.08"]
[Round "7"]
[White "Tonnaire, Christophe"]
[Black "Jean, Claude"]
[Result "1-0"]
[WhiteElo "2031"]
[BlackElo "2202"]
[PlyCount "77"]
[EventDate "2005.11.05"]
[EventType "tourn"]
[EventRounds "9"]
[EventCountry "FRA"]
[SourceTitle "EXT 2007"]
[Source "ChessBase"]
[SourceDate "2006.11.23"]
[SourceVersion "1"]
[SourceVersionDate "2006.11.23"]
[SourceQuality "1"]

1. e4 e5 2. f4 exf4 3. Bc4 d5 4. Bxd5 Nf6 5. Nc3 Nxd5 6. Nxd5 Bd6 7. d4 Qh4+ 8. Kf1 c6 9. Nf3 Qh6 10. Nc3 g5 11. e5 Be7 12. Kf2 Bf5 13. g3 Qg6 14. gxf4 g4 15. Nd2 Rg8 16. Rg1 Nd7 17. Qe2 0-0-0 18. Nde4 Nb6 19. Rd1 g3+ 20. hxg3 Bg4 21. Qd3 Bxd1 22. Nxd1 h5 23. Ne3 h4 24. g4 h3 25. Nf5 Nd5 26. Qxh3 Rh8 27. Qg2 Bh4+ 28. Kf3 Kb8 29. c4 Ne7 30. Nfd6 Nc8 31. f5 Qg8 32. Bf4 Be7 33. Nxf7 Rxd4 34. Nxh8 Qxc4 35. e6+ Ka8 36. Re1 Bc5 37. Be5 Rd3+ 38. Kf4 Ne7 39. Nf7 1-0

[Event "IECG CP.2002.S.00004 email"]
[Site "IECG email"]
[Date "2005.04.01"]
[Round "?"]
[White "Tavani, Alberto"]
[Black "Tonnaire, Christophe"]
[Result "0-1"]
[WhiteElo "1928"]
[BlackElo "2201"]
[PlyCount "36"]
[EventDate "2005.04.01"]
[EventType "tourn (corr)"]
[EventRounds "6"]
[EventCountry "ARG"]
[SourceTitle "Corr 2008"]
[Source "ChessBase"]
[SourceDate "2008.06.24"]
[SourceVersion "1"]
[SourceVersionDate "2008.06.24"]
[SourceQuality "1"]

1. e4 d5 2. exd5 Qxd5 3. Nc3 Qa5 4. d4 Nf6 5. Bc4 Bg4 6. f3 Bf5 7. Nge2 e6 8. 0-0 Nbd7 9. Ng3 Bg6 10. a3 0-0-0 11. Be3 c6 12. Nce4 Be7 13. c3 Nd5 14. Bd2 e5 15. f4 Bxe4 16. Nxe4 exd4 17. cxd4 Qb6 18. a4 Qxd4+ 0-1

[Event "IECG CP.2002.Q.00001 email"]
[Site "IECG email"]
[Date "2003.10.01"]
[Round "?"]
[White "Peto, Peter"]
[Black "Tonnaire, Christophe"]
[Result "0-1"]
[WhiteElo "2113"]
[BlackElo "1960"]
[PlyCount "68"]
[EventDate "2003.10.01"]
[EventType "tourn (corr)"]
[EventRounds "10"]
[SourceTitle "Corr 2008"]
[Source "ChessBase"]
[SourceDate "2008.06.24"]
[SourceVersion "1"]
[SourceVersionDate "2008.06.24"]
[SourceQuality "1"]

1. e4 d5 2. exd5 Qxd5 3. Nc3 Qa5 4. d4 Nf6 5. Bc4 Bg4 6. f3 Bf5 7. Nge2 Nbd7 8. g4 Bg6 9. h4 h6 10. Bd2 Qb4 11. b3 Qb6 12. Bf4 e6 13. Na4 Qb4+ 14. c3 Qa5 15. Nb2 Nd5 16. b4 Qb6 17. Bd2 c6 18. h5 Bh7 19. a4 a5 20. b5 Be7 21. Qb3 Qd8 22. Bd3 Bxd3 23. Nxd3 c5 24. dxc5 Nxc5 25. Nxc5 Bxc5 26. Rd1 Qc7 27. c4 Nb4 28. f4 0-0-0 29. Rh3 e5 30. Kf1 exf4 31. Rf3 Qe7 32. Nxf4 Qh4 33. Be3 Bxe3 34. Rxe3 Qxg4 0-1

[Event "IECG CP.2002.Q.00001 email"]
[Site "IECG email"]
[Date "2003.10.01"]
[Round "?"]
[White "Tonnaire, Christophe"]
[Black "Romero, Marcelo Javier"]
[Result "1-0"]
[WhiteElo "1960"]
[BlackElo "2170"]
[PlyCount "67"]
[EventDate "2003.10.01"]
[EventType "tourn (corr)"]
[EventRounds "10"]
[SourceTitle "Corr 2008"]
[Source "ChessBase"]
[SourceDate "2008.06.24"]
[SourceVersion "1"]
[SourceVersionDate "2008.06.24"]
[SourceQuality "1"]

1. e4 c5 2. Nf3 e6 3. d4 cxd4 4. Nxd4 Nf6 5. Nc3 Nc6 6. Nxc6 bxc6 7. e5 Nd5 8. Ne4 Qc7 9. f4 Qb6 10. Bd3 Ba6 11. a3 Be7 12. c4 f5 13. Ng3 Nc7 14. Rb1 0-0 15. b4 Rfd8 16. c5 Qb7 17. Bc2 Nd5 18. Qd4 Qb5 19. Rb2 Qc4 20. Qd2 Rdb8 21. Bb3 Qb5 22. Kf2 Bc8 23. Qc2 Qb7 24. Be3 Qc7 25. Bd4 Ba6 26. Qd2 Bh4 27. Rhb1 Rf8 28. a4 Bb7 29. Kg1 Bxg3 30. hxg3 Rab8 31. b5 cxb5 32. axb5 Qc8 33. Rc1 Rd8 34. g4 1-0

[Event "IECG CP.2002.Q.00001 email"]
[Site "IECG email"]
[Date "2003.10.01"]
[Round "?"]
[White "Tonnaire, Christophe"]
[Black "Vaczi, Imre"]
[Result "1-0"]
[WhiteElo "1960"]
[BlackElo "2091"]
[PlyCount "91"]
[EventDate "2003.10.01"]
[EventType "tourn (corr)"]
[EventRounds "10"]
[SourceTitle "Corr 2008"]
[Source "ChessBase"]
[SourceDate "2008.06.24"]
[SourceVersion "1"]
[SourceVersionDate "2008.06.24"]
[SourceQuality "1"]

1. e4 c5 2. Nf3 d6 3. d4 cxd4 4. Nxd4 Nf6 5. Nc3 g6 6. Be3 Bg7 7. f3 Nc6 8. Qd2 0-0 9. Bc4 Bd7 10. h4 Rc8 11. Bb3 h5 12. 0-0-0 Ne5 13. Bg5 Rc5 14. Nde2 b5 15. Be3 Nc4 16. Bxc4 Rxc4 17. Nf4 b4 18. Qd3 Rxc3 19. bxc3 bxc3 20. Qa6 Qb8 21. Qa3 Bb5 22. Rhe1 Bc4 23. Ne2 d5 24. Nxc3 dxe4 25. Bxa7 Qb7 26. Bd4 Rb8 27. f4 e6 28. Be5 Rc8 29. Rd4 Kh7 30. Qa5 Nd5 31. Bxg7 Kxg7 32. Nxe4 Ra8 33. Qc5 Bxa2 34. Kd2 Ra6 35. g3 Rc6 36. Qa3 Ra6 37. Nc5 Rxa3 38. Nxb7 Rxg3 39. Nd8 Nb6 40. Ra1 Bd5 41. Ra7 Nc4+ 42. Rxc4 Bxc4 43. Nxf7 Rg2+ 44. Kc3 Bd5 45. Kd3 e5 46. fxe5 1-0

[Event "Provence-ch 9900"]
[Site "France"]
[Date "2000.03.25"]
[Round "7"]
[White "Metras, Dominique"]
[Black "Tonnaire, Christophe"]
[Result "1-0"]
[WhiteElo "2035"]
[BlackElo "2030"]
[PlyCount "123"]
[EventDate "1999.??.??"]
[EventType "tourn"]
[EventRounds "9"]
[EventCountry "FRA"]
[SourceTitle "EXT 2005"]
[Source "ChessBase"]
[SourceDate "2004.11.15"]
[SourceVersion "1"]
[SourceVersionDate "2004.11.15"]
[SourceQuality "1"]

1. c4 e6 2. Nc3 Nf6 3. Nf3 b6 4. g3 Bb7 5. Bg2 c5 6. 0-0 Be7 7. d4 cxd4 8. Qxd4 Nc6 9. Qd2 0-0 10. b3 a6 11. Rd1 Qc7 12. Bb2 Na5 13. Rac1 Rfd8 14. Na4 Bc6 15. Nc3 Qb7 16. Nh4 Bxg2 17. Nxg2 d5 18. cxd5 Nxd5 19. Nxd5 Rxd5 20. Qc2 Rad8 21. Rxd5 Qxd5 22. Ne3 Qc5 23. Qe4 Qb5 24. Qg4 Qg5 25. Qxg5 Bxg5 26. b4 Nb7 27. f4 Bf6 28. Bxf6 gxf6 29. Rc7 Rb8 30. f5 Nd8 31. fxe6 Nxe6 32. Ra7 Nd4 33. Rxa6 Nxe2+ 34. Kf2 Nc1 35. Nd5 Kg7 36. Rxb6 Rxb6 37. Nxb6 Nd3+ 38. Ke3 Nxb4 39. a4 Kg6 40. a5 Kg5 41. Kf3 f5 42. Nd7 Na6 43. Ne5 Kf6 44. Kf4 Nc5 45. Nc6 Na6 46. h3 h6 47. Nd4 Nc5 48. h4 h5 49. Nxf5 Ne6+ 50. Ke4 Nc5+ 51. Kd5 Na6 52. Nd4 Nb8 53. Kd6 Na6 54. Kc6 Nb4+ 55. Kb5 Nd5 56. Ne2 Kf5 57. Nf4 Nc7+ 58. Kc6 Na6 59. Nxh5 Kg4 60. Ng7 Kxg3 61. h5 Kg4 62. h6 1-0